Pocta Martinovi Braxatorisovi Sládkovičovovi (25.5.1863 v Radvani-26.8.1934 v Senici)

Podrobná bibliografia
Hlavný autor: Feldek, Ľubomír, 1936- (Autor)
Médium: Článok
Jazyk:slovenčina
PhysicalDescription:Fotogr.
ISSN:1210-1982
Predmet:

MARC

LEADER 00000nab a2200000 a 4500
001 vtls001490412
003 SK-MaSNL
005 20260305001027.0
008 160314c2004 xo mr|p|||||||000 b|slo
015 |a SNBRB2005/01  |2 snkbucl 
038 |a SNKBUCL 
040 |a SNKBUCL  |b slo  |c SNKBUCL  |e AACR2 
041 0 |a slo 
044 |a xo  |c SK 
080 |a 82:929:821.162.4:061.7  |2 1997 
080 |a 821.162.4:929:061.7  |2 1997 
080 |a 82:061.7  |2 1997 
080 |a 2-051  |2 1997 
100 1 |a Feldek, Ľubomír,  |d 1936-  |4 aut  |9 89477 
245 1 0 |a Pocta Martinovi Braxatorisovi Sládkovičovovi  |b (25.5.1863 v Radvani-26.8.1934 v Senici)  |c Ľubomír Feldek 
300 |b Fotogr. 
600 1 7 |a Braxatoris, Martin Miloš,  |d 1863-1934  |2 snkbucl  |9 37622 
651 7 |a Senica (Slovensko)  |2 snkbucl  |9 25102 
773 0 |t Knižná revue  |g Roč. XIII, č. 21 (2004), s. 4  |x 1210-1982 
852 |a SNK  |b KIS3GCP 
958 |a LX 
999 |c 3217023  |d 3218953